سیرۃالنبی (Record no. 65159)

MARC details
000 -LEADER
fixed length control field 00216nam a22001097a 4500
082 ## - DEWEY DECIMAL CLASSIFICATION NUMBER
Classification number 297.923ش ب ل
100 ## - MAIN ENTRY--AUTHOR NAME
Personal name شبلی
245 ## - TITLE STATEMENT
Title سیرۃالنبی
260 ## - PUBLICATION, DISTRIBUTION, ETC. (IMPRINT)
Place of publication کراچی
300 ## - PHYSICAL DESCRIPTION
Number of Pages ۲۱۴
942 ## - ADDED ENTRY ELEMENTS (KOHA)
Koha item type Books
Holdings
Withdrawn status Lost status Home library Current library Date acquired Full call number Accession Number Koha item type
    Central Library, QUEST, Nawabshah Central Library, QUEST, Nawabshah 09/07/2019 297.923ش ب ل R9543 Books